Gebiete mit dem höchsten Anteil an erneuerbaren Energien(Strom) - Statistiken

Allgemein
  • Dieses Quiz wurde 85 mal gespielt
  • Das Durchschnittsergebnis liegt bei 2 aus 15
Antwortstatistiken
Rang % erneuerbare Energien Land % Korrekt
6 98,97% Norwegen
87%
1 100% Island
85%
1 100% Bhutan
17%
7 98,02% Costa Rica
17%
1 100% Nepal
11%
9 95,53% Namibia
9%
5 99,20% Albanien
4%
2 99,93% Äthiopien
4%
1 100% Lesotho
4%
4 99,73% Demokratische Republik Kongo
2%
10 94,59% Eswatini
2%
3 99,83% Paraguay
2%
8 97,03% Uganda
2%
1 100% Zentralafrikanische Republik
2%
1 100% Antarktis
0%
Keine übereinstimmenden Quizze gefunden
Verteilung der Resultate
Anzahl Personen mit jedem Resultat
Perzentil nach korrekt beantworteten Fragen
Ihre Resultats-Entwicklung
Sie haben dieses Quiz noch nicht gespielt